000 01217nam a2200385 a 4500
001 20438
003 VRT
005 20260122140714.0
008 960531q1995 xo p 000 p slo c
020 _a8088834104 (brož.)
035 _aUKB000184599
040 _aBAA001
_bslo
_cBAA001
_eAACR2
041 1 _aslo
_hlat
044 _axo
_cSK
080 _a885.4-93-1(08)
243 1 0 _aSlovenská renesancia
245 1 0 _aSlzy, vzdychy a prosby
_bvýber zo slovenskej humanistickej a renesančnej poézie
_c[prel. Miloslav Okál, Jozef Minárik]
260 _aRohovce
_bInterpopulart Slovakia
_c[1995]
300 _a111 s
490 1 _aPopulart. Študentská knižnica
_v11
500 _aSlovenská renesancia
504 _aBibliogr. s. 110
650 0 7 _aliteratúra slovenská klasická
650 0 7 _apoézia
653 _a885.4-93-1(08)
700 1 _aOkál, Miloslav
_4trl
700 1 _aMinárik, Jozef
_4trl
760 1 _tPopulart. Študentská knižnica
830 0 _aPopulart. Študentská knižnica
_v11
910 _aukb
942 _2ddc
_cKLDO
_n0
949 _61800004732
_a30.D.64385
_bPV.1823-96
949 _61800004733
_aSL.D.23194
_bPV.1824-96
949 _61800006908
_a30.D.64385
_bKD.177-96
999 _c20438
_d20438